10 pays les plus grand par continent - Statistiques

Statistiques générales
  • Ce quiz a été pris 580 fois
  • Le résultat moyen est 50 sur 60
Statistiques - réponses
Group Rang mondial Hint Réponse % Correct
Asie #4 9 596 961 km² Chine
99%
Asie #1 13 165 191 km² Russie
99%
Europe #1 3 960 000 km² Russie
99%
Europe #63 357 021 km² Allemagne
97%
Amérique du Sud #8 2 780 400 km² Argentine
97%
Amérique du Sud #5 8 515 767 km² Brésil
97%
Europe #41 672 051 km² France
97%
Amérique du Nord #2 9 984 670 km² Canada
96%
Europe #52 510 000 km² Espagne
96%
Amérique du Nord #3 9 629 091 km² Etats-Unis
96%
Asie #7 3 287 469 km² Inde
96%
Amérique du Sud #38 756 102 km² Chili
94%
Océanie #6 7 692 060 km² Australie
93%
Amérique du Nord #14 1 964 375 km² Mexique
93%
Afrique #10 2 381 741 km² Algérie
92%
Amérique du Sud #20 1 285 216 km² Pérou
92%
Amérique du Sud #26 1 141 748 km² Colombie
91%
Afrique #11 2 345 409 km² République démocratique du Congo
90%
Europe #56 450 296 km² Suède
90%
Afrique #25 1 221 037 km² Afrique du Sud
89%
Europe #65 338 424 km² Finlande
89%
Amérique du Sud #60 406 752 km² Paraguay
89%
Europe #70 312 685 km² Pologne
89%
Europe #46 576 604 km² Ukraine
89%
Asie #19 1 564 116 km² Mongolie
88%
Europe #68 323 782 km² Norvège
88%
Amérique du Sud #33 912 050 km² Venezuela
88%
Océanie #75 270 479 km² Nouvelle-Zélande
87%
Amérique du Sud #28 1 098 581 km² Bolivie
86%
Asie #15 1 913 579 km² Indonésie
86%
Asie #9 2 724 922 km² Kazakhstan
85%
Amérique du Sud #78 256 369 km² Equateur
84%
Asie #37 783 562 km² Turquie
84%
Asie #13 2 149 690 km² Arabie saoudite
83%
Amérique du Nord #106 109 886 km² Cuba
83%
Asie #18 1 629 771 km² Iran
81%
Asie #36 796 096 km² Pakistan
80%
Amérique du Nord #118 75 417 km² Panama
79%
Afrique #16 1 861 484 km² Soudan
79%
Europe #12 2 210 573 km² Danemark
77%
Afrique #17 1 759 540 km² Libye
77%
Afrique #22 1 267 000 km² Niger
77%
Amérique du Nord #129 51 100 km² Costa Rica
76%
Amérique du Sud #85 214 969 km² Guyana
76%
Afrique #24 1 241 238 km² Mali
76%
Amérique du Nord #103 112 492 km² Honduras
75%
Amérique du Nord #98 130 373 km² Nicaragua
75%
Océanie #154 18 272 km² Fidji
74%
Amérique du Nord #107 108 889 km² Guatemala
74%
Océanie #55 462 840 km² Papouasie-Nouvelle-Guinée
74%
Afrique #21 1 284 000 km² Tchad
72%
Afrique #27 1 104 300 km² Ethiopie
67%
Océanie #188 702 km² Micronésie
66%
Afrique #23 1 246 700 km² Angola
65%
Océanie #185 747 km² Tonga
65%
Amérique du Nord #131 48 671 km² République dominicaine
63%
Océanie #177 2 842 km² Samoa
63%
Océanie #160 12 189 km² Vanuatu
63%
Océanie #186 726 km² Kiribati
62%
Océanie #142 28 896 km² Salomon
60%
Aucun quiz correspondant
Distribution des résultats
% des personnes avec chaque résultat
Percentile par nombre de réponses
Votre historique - résultats
Vous n’avez pas pris ce quiz